| 000 | 00357nam a2200157Ia 4500 | ||
|---|---|---|---|
| 100 | _aConte/Samuel D/ De-Book/Carl | ||
| 250 | _a3 | ||
| 942 | _cBK | ||
| 654 | _anumerical analysis | ||
| 245 | _aElimentary numerical analysis | ||
| 260 |
_bMc Graw Hill _aAuckland _c1980 |
||
| 082 |
_a519.4 _bCON/BOO |
||
| 300 | _a432 | ||
| 546 | _aENGLISH | ||
| 999 |
_c24868 _d24868 |
||